000 02372nam a22003017a 4500
999 _c58204
_d58204
003 Ge_BSU
005 20210914133743.0
008 210914s2021 ge ||||| |||| 00| 0 geo d
020 _a9789941488313
041 _ageo
080 _a1(479.22)(092) ბ-17
245 _aფილოსოფიური და სოციალურ-პოლიტიკური კვლევები /
_cსარედ. კოლ. : აბესალომ ასლანიძე, ლალი ანთიძე, ნოდარ ბარამიძე, ვარდო ბერიძე, რობერტ გოლეთიანი, ლალი ზაქარაძე, გიორგი მასალკინი, მიხეილ მახარააძე, თეიმურაზ მთიბელაშვილი; ბათუმის შოთა რსთაველის სახელმწიფო უნივერსიტეტი. ფილოსოფიის დეპარტამენტი.
264 _aბათუმი :
_bბსუ,
_c2021.
300 _a147 გვ.
_b20 სმ.
504 _aბიბლიოგრ. თავების ბოლოს
653 _aფილოსოფია
700 _aასლანიძე, აბესალომ
_eრედაქტორი
_95886
700 _aანთიძე, ლალი
_eრედაქტორი
_96681
700 _aბარამიძე, ნოდარ
_eრედაქტორი
_912470
700 _aბერიძე, ვარდო
_eრედაქტორი
_95884
700 _aგოლეთიანი, რობერტ
_eრედაქტორი
_912471
700 _aზაქარაძე, ლალი
_eრედაქტორი
_912472
700 _aმასალკინი, გიორგი
_eრედაქტორი
_912473
700 _aმახარააძე, მიხეილ
_eრედაქტორი
_912474
700 _aმთიბელაშვილი, თეიმურაზ
_eრედაქტორი
_94506
710 _aბათუმის შოთა რსთაველის სახელმწიფო უნივერსიტეტი.
_bფილოსოფიის დეპარტამენტი.
_912475
942 _2udc
_cBK